[Event "Sampa Chess Open - Local Piso Superior (ao lado da Renner) às 19h00"]
[Site "Shopping Metrô Tatuapé - Rua Domingos Agostim, 91, São Paulo/SP 03306-010"]
[Date "2024.01.29"]
[Round "1"]
[Board "52"]
[White "Brujin, Homero"]
[Black "Akamine, Giullia Hikari Nishimori"]
[Result "1-0"]
[WhiteElo "1479"]
[BlackElo "1800"]
[PlyCount "123"]
[EventDate "2024.01.29"]
[EventRounds "9"]
[EventCountry "BRA"]

1. d4 d5 2. Nf3 Nf6 3. g3 e6 4. Bg2 Be7 5. O-O O-O 6. Nbd2 b6 7. b3 c5 8. Bb2 Nc6
9. e3 Bb7 10. Rc1 Ne4 11. dxc5 bxc5 12. Nxe4 dxe4 13. Nd2 Nb8 14. Qg4 g6 15. Rfd1
Qc7 16. Qe2 Nd7 17. Nxe4 Rac8 18. Qb5 Bc6 19. Qd3 Rfd8 20. Qc3 e5 21. Nd2 Bf6 22.
e4 Bg5 23. Rb1 Re8 24. Nc4 Bf6 25. Nd6 Bg7 26. Nxe8 Rxe8 27. Qd3 Nf6 28. f3 Qc8 29.
Qd6 Bd7 30. Ba3 c4 31. Qc5 Bc6 32. Qxc4 Qb7 33. Qd3 Qb6+ 34. Kh1 Bb5 35. c4 Ba6 36.
Bb2 h5 37. Qd6 Qa5 38. a3 Kh7 39. b4 Qa4 40. b5 Bc8 41. Qb4 Qxb4 42. axb4 Bf8 43.
c5 Be6 44. Bc3 Rb8 45. Bf1 Ne8 46. Bxe5 Rc8 47. Ra1 Nc7 48. Rxa7 Bb3 49. Rd7 Ne8
50. b6 Be6 51. Rd2 Bh6 52. f4 g5 53. b7 gxf4 54. gxf4 Bg4 55. bxc8=Q Bxc8 56. Rd8
Bg4 57. Rxe8 Bf3+ 58. Bg2 Bxg2+ 59. Kxg2 Bg7 60. Rxf7 Kh6 61. Rxg7 h4 62. Rh8#  1-0

[Event "Sampa Chess Open - Local Piso Superior (ao lado da Renner) às 19h00"]
[Site "Shopping Metrô Tatuapé - Rua Domingos Agostim, 91, São Paulo/SP 03306-010"]
[Date "2024.01.29"]
[Round "1"]
[Board "53"]
[White "Navarro, Gustavo Kazuo Yura"]
[Black "Regiani, Rafael"]
[Result "0-1"]
[WhiteElo "1800"]
[BlackElo "1476"]
[PlyCount "0"]
[EventDate "2024.01.29"]
[EventRounds "9"]
[EventCountry "BRA"]

1. e4 e5 2. Nf3 Nc6 3. Bc4 Nf6 4. Ng5 d5 5. exd5 Nxd5 6. Nxf7 Kxf7 7. Qf3+ Qf6 8.
Bxd5+ Be6 9. Bxc6 bxc6 10. Qxc6 Bd6 11. Nc3 Rhe8 12. Ne4 Qg6 13. Nxd6+ cxd6 14. Qf3+
Kg8 15. d3 Rf8 16. Qg3 Qh5 17. O-O Rf6 18. f4 Raf8 19. Qf3 Qf7 20. Bd2 Bd5 21. Qe2
exf4 22. Rf2 f3 23. gxf3 Bxf3 24. Qe3 Re8 25. Qd4 Rg6+ 26. Kf1 Be2+  0-1

[Event "Sampa Chess Open - Local Piso Superior (ao lado da Renner) às 19h00"]
[Site "Shopping Metrô Tatuapé - Rua Domingos Agostim, 91, São Paulo/SP 03306-010"]
[Date "2024.01.29"]
[Round "1"]
[Board "54"]
[White "Usui, Gabriella Yumi"]
[Black "Akamine, Isabelle Namie Nishimori"]
[Result "1-0"]
[WhiteElo "1448"]
[BlackElo "1800"]
[PlyCount "41"]
[EventDate "2024.01.29"]
[EventRounds "9"]
[EventCountry "BRA"]

1. d4 d5 2. c4 e6 3. Nf3 Nf6 4. g3 b6 5. Bg2 Bb7 6. O-O Be7 7. Nc3 O-O 8. Nd2 c5
9. dxc5 Bxc5 10. b3 Bb4 11. Bb2 Bc6 12. e3 Nbd7 13. cxd5 Nxd5 14. Nxd5 Bxd5 15. Bxd5
exd5 16. Qg4 Nf6 17. Qxb4 Re8 18. Rfd1 Ne4 19. Qd4 Qg5 20. Nf3 Qg4 21. h3  1-0

[Event "Sampa Chess Open - Local Piso Superior (ao lado da Renner) às 19h00"]
[Site "Shopping Metrô Tatuapé - Rua Domingos Agostim, 91, São Paulo/SP 03306-010"]
[Date "2024.01.29"]
[Round "1"]
[Board "62"]
[White "Simao, Davi Ribeiro"]
[Black "Goncalves, Ricardo Henrique Silva"]
[Result "0-1"]
[WhiteElo "1320"]
[BlackElo "1800"]
[PlyCount "68"]
[EventDate "2024.01.29"]
[EventRounds "9"]
[EventCountry "BRA"]

1. e4 d6 2. d4 Nf6 3. Nc3 g6 4. Be3 Bg7 5. Qd2 O-O 6. O-O-O a5 7. Be2 c6 8. Bh6 b5
9. Bxg7 Kxg7 10. e5 dxe5 11. dxe5 Qxd2+ 12. Rxd2 Ng4 13. Bxg4 Bxg4 14. f3 Bf5 15.
Nge2 Nd7 16. Nd4 Nxe5 17. Nxf5+ gxf5 18. Re2 Ng6 19. h4 e6 20. g3 Rfd8 21. Rd1 Rxd1+
22. Kxd1 Rd8+ 23. Kc1 h5 24. f4 Ne7 25. a3 Nd5 26. Nxd5 cxd5 27. Re3 Kf6 28. Re5
Ke7 29. c3 Kd6 30. Kd2 f6 31. Re3 e5 32. fxe5+ fxe5 33. Kd3 Rg8 34. b3 f4  0-1

[Event "Sampa Chess Open - Local Piso Superior (ao lado da Renner) às 19h00"]
[Site "Shopping Metrô Tatuapé - Rua Domingos Agostim, 91, São Paulo/SP 03306-010"]
[Date "2024.01.30"]
[Round "2"]
[Board "1"]
[White "Marra, Eduardo Da Costa"]
[Black "Fier, Alexandr"]
[Result "0-1"]
[WhiteElo "2189"]
[BlackElo "2549"]
[PlyCount "0"]
[EventDate "2024.01.29"]
[EventRounds "9"]
[EventCountry "BRA"]

1. e4 c6 2. d4 d5 3. e5 c5 4. c3 Nc6 5. Be2 Bf5 6. Nf3 e6 7. O-O Bg6 8. Be3 Nh6 9.
dxc5 Nf5 10. Bd4 Be7 11. Na3 O-O 12. Nb5 Nfxd4 13. cxd4 b6 14. Rc1 bxc5 15. dxc5
Qb8 16. Nbd4 Rc8 17. Qa4 Nxe5 18. Nxe5 Qxe5 19. Nc6 Qc7 20. Nxe7+ Qxe7 21. c6 a5
22. a3 Qd6 23. Rfd1 h6 24. Rd2 Qd8 25. Qd4 Qd6 26. Qa4 f6 27. h3 Kf8 28. Bd3 Bxd3
29. Rxd3 e5 30. Qe4 dxe4 31. Rxd6 Ra6 32. g4 Rc7 33. Rc4 Ke7 34. Rd7+ Rxd7 35. cxd7
Rb6 36. b4 axb4 37. Rxb4 Rxb4 38. d8=Q+ Kxd8 39. axb4 g6 40. Kf1 Kc7 41. Ke2 Kc6
42. Kd2 Kb5 43. h4 h5  0-1

[Event "Sampa Chess Open - Local Piso Superior (ao lado da Renner) às 19h00"]
[Site "Shopping Metrô Tatuapé - Rua Domingos Agostim, 91, São Paulo/SP 03306-010"]
[Date "2024.01.30"]
[Round "2"]
[Board "2"]
[White "Di Berardino, Diego Rafael"]
[Black "Batista, Renato Luiz"]
[Result "1-0"]
[WhiteElo "2480"]
[BlackElo "2174"]
[PlyCount "0"]
[EventDate "2024.01.29"]
[EventRounds "9"]
[EventCountry "BRA"]

1. d4 d5 2. c4 dxc4 3. Nf3 Nf6 4. e3 e6 5. Bxc4 c5 6. O-O a6 7. Bb3 b5 8. a4 b4 9.
Nbd2 Be7 10. e4 Bb7 11. e5 Nfd7 12. Nc4 O-O 13. Bc2 cxd4 14. Qxd4 g6 15. Qg4 Bd5
16. Bh6 Re8 17. Ne3 Bb7 18. Rac1 Nc5 19. Ng5 Nbd7 20. Qf4 Nxe5 21. Qxe5 f6 22. Qg3
fxg5 23. Qe5  1-0

[Event "Sampa Chess Open - Local Piso Superior (ao lado da Renner) às 19h00"]
[Site "Shopping Metrô Tatuapé - Rua Domingos Agostim, 91, São Paulo/SP 03306-010"]
[Date "2024.01.30"]
[Round "2"]
[Board "4"]
[White "Shumyatsky, Victor"]
[Black "Awoki, Daniel Teidi"]
[Result "1-0"]
[WhiteElo "2457"]
[BlackElo "2152"]
[PlyCount "0"]
[EventDate "2024.01.29"]
[EventRounds "9"]
[EventCountry "BRA"]

1. e4 c5 2. Nc3 Nc6 3. Bb5 Nd4 4. Nf3 Nxb5 5. Nxb5 a6 6. Nc3 d6 7. d4 cxd4 8. Qxd4
e5 9. Qd3 h6 10. Nd2 Be6 11. Nf1 Nf6 12. Ne3 Rc8 13. O-O Be7 14. Bd2 O-O 15. b3 Qc7
16. Rfd1 Rfd8 17. a4 Qc6 18. Ncd5 Bxd5 19. exd5 Qd7 20. c4 Nh7 21. Nf5 Ng5 22. h4
Nh7 23. Bxh6 gxh6 24. Qg3+ Bg5 25. Nxh6+ Kg7 26. hxg5 f6 27. gxf6+ Kxh6 28. Rd3 Ng5
29. f4 exf4 30. Qxf4 Kg6 31. Rf1 Re8 32. f7 Re5 33. f8=N+ Rxf8 34. Qxf8 Qe7 35. Qxe7
Rxe7 36. Rg3  1-0

[Event "Sampa Chess Open - Local Piso Superior (ao lado da Renner) às 19h00"]
[Site "Shopping Metrô Tatuapé - Rua Domingos Agostim, 91, São Paulo/SP 03306-010"]
[Date "2024.01.30"]
[Round "2"]
[Board "5"]
[White "Ribeiro, Matheus Mendes Domingues"]
[Black "Flores Quillas, Diego Saul Rodri"]
[Result "0-1"]
[WhiteElo "2130"]
[BlackElo "2429"]
[PlyCount "0"]
[EventDate "2024.01.29"]
[EventRounds "9"]
[EventCountry "BRA"]

1. Nf3 c5 2. c4 Nc6 3. Nc3 g6 4. e3 Nf6 5. d4 cxd4 6. exd4 d5 7. cxd5 Nxd5 8. Qb3
Nxc3 9. Bc4 e6 10. bxc3 Bd7 11. Be2 Na5 12. Qc2 Bc6 13. O-O Be7 14. Bh6 f6 15. c4
Rc8 16. Rab1 Kf7 17. Rfe1 b5 18. d5 Bxd5 19. Rxb5 Nxc4 20. Qa4 Qd7 21. Rc1 Nb6 22.
Qd4 Rxc1+ 23. Bxc1 Rc8 24. Be3 Rc2 25. Bd3 Rxa2 26. h3 Ra4 27. Qc3 Ra3 28. Ng5+ Kg8
29. Qc2 fxg5 30. Bxg6 Bf6 31. Bxb6 Qxb5 32. Bxh7+ Kh8 33. Bc7 Ra1+ 34. Kh2 Qc6 35.
Qg6 Qxc7+ 36. g3 Rh1#  0-1

[Event "Sampa Chess Open - Local Piso Superior (ao lado da Renner) às 19h00"]
[Site "Shopping Metrô Tatuapé - Rua Domingos Agostim, 91, São Paulo/SP 03306-010"]
[Date "2024.01.30"]
[Round "2"]
[Board "6"]
[White "Cueto, Jonny"]
[Black "Perez Gormaz, Matias"]
[Result "0-1"]
[WhiteElo "2108"]
[BlackElo "2388"]
[PlyCount "0"]
[EventDate "2024.01.29"]
[EventRounds "9"]
[EventCountry "BRA"]

1. e4 e5 2. Nf3 Nc6 3. Bc4 Bc5 4. c3 Nf6 5. d4 exd4 6. cxd4 Bb4+ 7. Nc3 Nxe4 8. O-O
Bxc3 9. d5 Bf6 10. Re1 Ne7 11. Rxe4 d6 12. Bg5 Bxg5 13. Nxg5 h6 14. Qh5 O-O 15. Rae1
Nf5 16. Nf3 g6 17. Qg4 Bd7 18. Qf4 Qf6 19. h4 h5 20. Bd3 Kg7 21. Rb4 Rab8 22. Bxf5
Bxf5 23. Qd4 c5 24. dxc6 bxc6 25. b3 c5 26. Qxf6+ Kxf6 27. Ra4 Rb7 28. Ng5 Rd8 29.
f3 d5 30. g4 hxg4 31. fxg4 Bd3 32. Rf4+ Kg7 33. Rxf7+ Rxf7 34. Ne6+ Kh6 35. Nxd8
Rf4 36. g5+ Kh5 37. Re5 Kxh4 38. Ne6 Rf1+ 39. Kg2 Rc1 40. Kf2 Bf5 41. Nc7 d4 42.
Na6 Rc2+ 43. Ke1 Rxa2 44. Nxc5 Kxg5 45. Rd5 Kf4 46. Rxd4+ Ke3 47. Ra4 Rc2 48. Rc4
Rxc4 49. bxc4 Kd4 50. Nb3+ Kxc4 51. Nd2+ Kc3 52. Kd1 a5 53. Nf1 a4 54. Ne3 a3  0-1

[Event "Sampa Chess Open - Local Piso Superior (ao lado da Renner) às 19h00"]
[Site "Shopping Metrô Tatuapé - Rua Domingos Agostim, 91, São Paulo/SP 03306-010"]
[Date "2024.01.30"]
[Round "2"]
[Board "7"]
[White "Perdomo, Leandro"]
[Black "Silva, Kaua Marques"]
[Result "1/2-1/2"]
[WhiteElo "2382"]
[BlackElo "2142"]
[PlyCount "0"]
[EventDate "2024.01.29"]
[EventRounds "9"]
[EventCountry "BRA"]

1. d4 Nf6 2. c4 e6 3. Nf3 d5 4. Nc3 a6 5. cxd5 exd5 6. Bg5 Be6 7. Bxf6 Qxf6 8. Qb3
Ra7 9. a3 Qd8 10. Rd1 c6 11. g3 Nd7 12. Bg2 Bd6 13. O-O O-O 14. Qc2 Re8 15. e4 dxe4
16. Nxe4 Be7 17. Ne5 Bf6 18. Nxf6+ Nxf6  1/2-1/2

[Event "Sampa Chess Open - Local Piso Superior (ao lado da Renner) às 19h00"]
[Site "Shopping Metrô Tatuapé - Rua Domingos Agostim, 91, São Paulo/SP 03306-010"]
[Date "2024.01.30"]
[Round "2"]
[Board "8"]
[White "Vargas, Gabriela"]
[Black "Ticona Rocabado, Licael Roderick"]
[Result "0-1"]
[WhiteElo "2084"]
[BlackElo "2350"]
[PlyCount "0"]
[EventDate "2024.01.29"]
[EventRounds "9"]
[EventCountry "BRA"]

1. d4 e6 2. Nf3 d5 3. Bg5 Nf6 4. e3 Be7 5. Nbd2 c5 6. c3 Nbd7 7. Bd3 h6 (7... b6
8. Bh4 Qc7 9. Qe2) 8. Bh4 Qc7 9. Qe2 b6 10. Bg3 Bd6 11. Bxd6 Qxd6 12. e4 dxe4 13.
Nxe4 Nxe4 14. Bxe4 Rb8 15. Rd1 O-O 16. O-O Nf6 17. Bc2 Bb7 18. Rfe1 Rbd8 19. a3 Qc6
20. Qf1 Qc7 21. dxc5 Bxf3 22. gxf3 Qxc5 23. Rxd8 Rxd8 24. Rd1 Qg5+ 25. Kh1 Rxd1 26.
Qxd1 Nd5 27. Bd3 Qh4 28. Kg1 Qg5+ 29. Kh1 Nf4 30. Bf1 Qd5 31. Qxd5 exd5 32. Bb5 g5
33. Kg1 Kg7 34. Kf1 Kf6 35. c4 Ke5 36. cxd5 Kxd5 37. Ke1 Kd4 38. Kd2 f6 39. Bf1 Ng6
40. Ba6 Ne5 41. Bb7 Nd3  0-1

[Event "Sampa Chess Open - Local Piso Superior (ao lado da Renner) às 19h00"]
[Site "Shopping Metrô Tatuapé - Rua Domingos Agostim, 91, São Paulo/SP 03306-010"]
[Date "2024.01.30"]
[Round "2"]
[Board "9"]
[White "Cruz, Natan Gomes"]
[Black "Gemy, Jose Daniel"]
[Result "1/2-1/2"]
[WhiteElo "1888"]
[BlackElo "2329"]
[PlyCount "0"]
[EventDate "2024.01.29"]
[EventRounds "9"]
[EventCountry "BRA"]

1. e4 e5 2. Nf3 Nc6 3. Bb5 a6 4. Ba4 Nf6 5. d3 d6 6. c3 (6. O-O g6 7. Re1 Bg7 8.
Be3 O-O 9. Nbd2 Ng4 10. Bg5 f6 11. Bh4 g5 12. Bg3 h5 13. h4 Nh6 14. Nf1 g4 15. N3d2
f5 16. exf5 Nxf5 17. Ne4 Kh8 18. Nc3 Nxg3 19. fxg3 Bh6 20. d4 exd4 21. Bxc6 dxc3
22. Bxb7 Rb8 23. Bxa6 Qe7 24. Qd4+ Qg7 25. b3 Qxd4+) 6... Bd7 7. O-O g6 8. Re1 Bg7
9. Be3 O-O 10. Nbd2 Ng4 11. Bg5 f6 12. Bh4 g5 13. Bg3 h5 14. h4 Nh6 15. Nf1 g4 (15...
Ng4 16. N3d2 f5 17. exf5) 16. N3d2 f5 17. exf5 Nxf5 18. Ne4 Kh8 19. Ne3 Nxg3 20.
fxg3 Bh6 21. d4 exd4 22. Bxc6 dxe3 23. Bxb7 Rb8 24. Bxa6 Qe7 25. Qd4+ Qg7 26. b3
Qxd4 27. cxd4 Rb4 28. Ng5 Bg7 29. Re2 Rf2 30. Rxf2 exf2+ 31. Kf1 Rb8 32. Ne4 Bc6
33. Kxf2 Rf8+ 34. Ke2 d5  1/2-1/2

[Event "Sampa Chess Open - Local Piso Superior (ao lado da Renner) às 19h00"]
[Site "Shopping Metrô Tatuapé - Rua Domingos Agostim, 91, São Paulo/SP 03306-010"]
[Date "2024.01.30"]
[Round "2"]
[Board "10"]
[White "Filgueiras, Nathan Felipe"]
[Black "Do Nascimento, Christian Almeida"]
[Result "1-0"]
[WhiteElo "2321"]
[BlackElo "2123"]
[PlyCount "0"]
[EventDate "2024.01.29"]
[EventRounds "9"]
[EventCountry "BRA"]

1. e4 e5 2. Nf3 Nf6 3. Nc3 Nc6 4. Be2 Bb4 5. Nd5 Nxe4 6. Nxb4 Nxb4 7. d3 Nf6 8. Nxe5
d6 9. Nf3 h6 10. a3 Nc6 11. O-O O-O 12. d4 Bf5 13. d5 Ne7 14. c4 Qd7 15. Be3 Rfe8
16. Re1 Bh7 17. Bd4 Ne4 18. b4 Nf5 19. Bb2 Re7 20. Bd3 Rae8 21. Re2 Ng5 22. Nxg5
Rxe2 23. Bxe2 hxg5 24. Qd2 Qe7 25. Bf1 Bg6 26. Bc3 g4 27. Re1 Qxe1 28. Qxe1 Rxe1
29. Bxe1 Nd4 30. Bc3 Nb3 31. Bb2 Bc2 32. Be2 f5 33. Kf1 a5 34. Ke1 Kf7 35. bxa5 Nxa5
36. Kd2 Ba4 37. Kc3 b6 38. Kb4 Bd7 39. Bd3 Nb7 40. Bc2 Nc5 41. a4 Na6+ 42. Ka3 Nc5
43. Bc3 Nb7 44. Kb4 Na5 45. Bd2 Kf6 46. Bc3+ Kf7 47. Bd2 Kf6 48. f4 gxf3 49. gxf3
g5 50. f4 g4 51. Be1 c5+ 52. dxc6 Nxc6+ 53. Kc3 Ne7 54. Kd4 Ke6 55. Bh4 Nc6+ 56.
Kc3 d5 57. cxd5+ Kxd5 58. Bf2 Ne7 59. Bxb6 Ng6 60. Be3 Nh4 61. a5 Ng2 62. Bd2 Kc5
63. a6 Kb6 64. Bd3 Bc8 65. Bf1 Nh4 66. Be3+ Kc7 67. a7 Bb7 68. Bf2 Ng6 69. Bg3 Kb6
70. Bd3 Kxa7 71. Bxf5 Ne7 72. Bxg4 Kb6 73. Kd4 Nc6+ 74. Kd5 Kc7 75. f5+ Kd8 76. Kd6
Nd4 77. f6 Ke8 78. Bh5+ Kf8 79. Bf4 Bf3 80. Bh6+  1-0

[Event "Sampa Chess Open - Local Piso Superior (ao lado da Renner) às 19h00"]
[Site "Shopping Metrô Tatuapé - Rua Domingos Agostim, 91, São Paulo/SP 03306-010"]
[Date "2024.01.30"]
[Round "2"]
[Board "11"]
[White "Dos Santos Dutra, Fernando Junior Freire"]
[Black "De Albuquerque, Ian Telek C."]
[Result "1-0"]
[WhiteElo "2262"]
[BlackElo "2089"]
[PlyCount "0"]
[EventDate "2024.01.29"]
[EventRounds "9"]
[EventCountry "BRA"]

1. d4 Nf6 2. c4 g6 3. Nc3 Bg7 4. e4 d6 5. Nge2 O-O 6. Ng3 c5 7. d5 e6 8. Be2 exd5
9. cxd5 Na6 10. O-O Nc7 11. Bg5 h6 12. Be3 Re8 13. a4 Rb8 14. Qd2 Kh7 15. h3 b6 16.
f3 a6 17. Rab1 b5 18. axb5 Nxb5 19. Bxb5 axb5 20. b4 Nd7 21. Nge2 Ba6 22. Bf2 Qf6
23. Rfc1 Rec8 24. Qa2 Ra8 25. f4 Qe7 26. Qd2 Rab8 27. Rc2 Nb6 28. Ra2 Na4 29. bxc5
Nxc3 30. Nxc3 b4 31. Rxa6 bxc3 32. Qc2 Rb2 33. Rxb2 cxb2 34. Rb6 Qa7 35. c6 Qa1+
36. Kh2 Qc1 37. Qd3 Ra8 38. e5 Ra1 39. Qe3 b1=Q 40. Rxb1 Qxb1 41. exd6 Ra8 42. d7
Qb8 43. Qb6 Qd6 44. Qc5 Bf8 45. Qxd6 Bxd6 46. Bb6 Bxf4+ 47. g3 Bd6 48. d8=Q Rxd8
49. Bxd8 Kg7 50. c7 Bxc7 51. Bxc7  1-0

[Event "Sampa Chess Open - Local Piso Superior (ao lado da Renner) às 19h00"]
[Site "Shopping Metrô Tatuapé - Rua Domingos Agostim, 91, São Paulo/SP 03306-010"]
[Date "2024.01.30"]
[Round "2"]
[Board "12"]
[White "Cunha, Lucas Aguiar"]
[Black "Dos Santos Junior, Haroldo Cunha"]
[Result "1/2-1/2"]
[WhiteElo "2230"]
[BlackElo "2033"]
[PlyCount "0"]
[EventDate "2024.01.29"]
[EventRounds "9"]
[EventCountry "BRA"]

1. e4 e5 2. Nf3 Nc6 3. Nc3 d6 4. d4 exd4 5. Nxd4 Nf6 6. Bb5 Bd7 7. O-O Be7 8. Bf4
Na5 9. Nf5 Bf8 10. Bxd7+ Qxd7 11. Qd4 Nc6 12. Qa4 g6 13. Bg5 Ng8 14. Ne3 Bg7 15.
Ned5 f6 16. Bh4 h5 17. f4 a6 18. Rad1 O-O-O 19. e5 fxe5 20. Bxd8 Nxd8 21. Qxd7+ Kxd7
22. f5 gxf5 23. Rxf5 c6 24. Rg5 Ne6 25. Nb6+ Kc7 26. Rg6 Rh6 27. Rxh6 Nxh6 28. Na8+
Kd7 29. Ne4 d5 30. Nb6+ Kc7 31. Nxd5+ cxd5 32. Rxd5 Nf5 33. c3 Kc6 34. Rd1 h4 35.
Kf2 Bh6 36. Kf3 Ng5+ 37. Nxg5 Bxg5 38. Ke4 Nd6+ 39. Kxe5 Nc4+ 40. Ke6 Nxb2 41. Rd6+
Kc7 42. Rd7+ Kc6 43. Rg7 Bf4 44. Rg4 Bxh2 45. Rxh4 Bg3 46. Rb4 Nd3 47. Rg4 Be1 48.
c4 a5 49. Rd4 Nb4 50. Re4 Bc3  1/2-1/2

[Event "Sampa Chess Open - Local Piso Superior (ao lado da Renner) às 19h00"]
[Site "Shopping Metrô Tatuapé - Rua Domingos Agostim, 91, São Paulo/SP 03306-010"]
[Date "2024.01.30"]
[Round "2"]
[Board "13"]
[White "Dias, Clara"]
[Black "Aranha Filho, Alvaro Z."]
[Result "0-1"]
[WhiteElo "1717"]
[BlackElo "2201"]
[PlyCount "0"]
[EventDate "2024.01.29"]
[EventRounds "9"]
[EventCountry "BRA"]

1. e4 c5 2. Nf3 e6 3. d4 cxd4 4. Nxd4 Nf6 5. Nc3 Nc6 6. a3 Be7 7. Be2 O-O 8. O-O
d5 9. exd5 Nxd5 10. Nxd5 Qxd5 11. Nxc6 Qxc6 12. Bf3 Qc7 13. c3 Rd8 14. Qc2 Bd7 15.
Re1 Bc6 16. Be4 Bxe4 17. Qxe4 Rd7 18. Be3 Rad8 19. Qg4 Bf6 20. Qa4 Rd5 21. h4 h5
22. Qb4 a5 23. Qe4 Qc6 24. g3 Rc8 25. Bf4 Qe8 26. Qc2 Rcd8 27. Re4 Qc6 28. Qe2 g6
29. Re1 Kg7 30. Rc4 Rc5 31. Rxc5 Qxc5 32. Be5 Rd5 33. Bf4 Qc6 34. Qe4 Rd1 35. Kh2
Rxe1 36. Qxe1  0-1

[Event "Sampa Chess Open - Local Piso Superior (ao lado da Renner) às 19h00"]
[Site "Shopping Metrô Tatuapé - Rua Domingos Agostim, 91, São Paulo/SP 03306-010"]
[Date "2024.01.30"]
[Round "2"]
[Board "14"]
[White "Tsuboi, Edson Kenji"]
[Black "Branquinho, Eduardo De Medeiros"]
[Result "1-0"]
[WhiteElo "2200"]
[BlackElo "1815"]
[PlyCount "0"]
[EventDate "2024.01.29"]
[EventRounds "9"]
[EventCountry "BRA"]

1. e4 c5 2. Nf3 d6 3. d4 cxd4 4. Nxd4 Nf6 5. Nc3 a6 6. a4 e5 7. Nf3 Be7 8. Bc4 O-O
9. O-O Qc7 10. Qd3 b6 11. Bg5 Bb7 12. Bxf6 Bxf6 13. Rfd1 Be7 14. Nd5 Bxd5 15. Bxd5
Ra7 16. Nd2 Nd7 17. Nc4 Nc5 18. Qh3 Nxa4 19. Rxa4 b5 20. Rb4 bxc4 21. Rxc4 Qb6 22.
b3 Rc7 23. Qg4 Rxc4 24. Bxc4 a5 25. Qd7 Qd8 26. Qa7 Bf6 27. Rd3 Qb8 28. Bxf7+ Kh8
29. Qxb8 Rxb8 30. Rxd6 Rd8 31. Rd5 Rxd5 32. exd5 g6 33. Kf1 Kg7 34. Be6 Kf8 35. Ke2
Ke7 36. Kd3 Kd6 37. Bg8 h6 38. Bf7 g5 39. g4  1-0

[Event "Sampa Chess Open - Local Piso Superior (ao lado da Renner) às 19h00"]
[Site "Shopping Metrô Tatuapé - Rua Domingos Agostim, 91, São Paulo/SP 03306-010"]
[Date "2024.01.30"]
[Round "2"]
[Board "16"]
[White "Passos, Marco Aurelio Novaes"]
[Black "Kropff, Ricardo"]
[Result "0-1"]
[WhiteElo "1671"]
[BlackElo "2052"]
[PlyCount "0"]
[EventDate "2024.01.29"]
[EventRounds "9"]
[EventCountry "BRA"]

1. e4 e5 2. Nf3 Nc6 3. Bc4 Bc5 4. d3 Nf6 5. Nc3 d6 6. a3 a6 7. h3 h6 8. Ba2 Be6 9.
Nd5 Bxd5 10. exd5 Ne7 11. c4 O-O 12. d4 exd4 13. Nxd4 Bxd4 14. Qxd4 Nf5 15. Qd3 Re8+
16. Kf1 Ne4 17. g4 Nh4 18. Be3 Qf6 19. Bd4 Qf4 20. Rd1 Re7 21. Bb1 Rae8 22. Qe3 Nd2+
 0-1

[Event "Sampa Chess Open - Local Piso Superior (ao lado da Renner) às 19h00"]
[Site "Shopping Metrô Tatuapé - Rua Domingos Agostim, 91, São Paulo/SP 03306-010"]
[Date "2024.01.30"]
[Round "2"]
[Board "17"]
[White "Saito, Vinicius"]
[Black "Pittoli, Vinicius Eduardo Moreir"]
[Result "1-0"]
[WhiteElo "2147"]
[BlackElo "1648"]
[PlyCount "0"]
[EventDate "2024.01.29"]
[EventRounds "9"]
[EventCountry "BRA"]

1. e4 e5 2. Nf3 Nc6 3. Bb5 Nf6 4. d3 Bc5 5. c3 d6 6. h3 a6 7. Ba4 h6 8. Nbd2 O-O
9. O-O Re8 10. Re1 Bd7 11. Nf1 Ne7 12. Bb3 Ng6 13. Ng3 Bb6 14. a4 c5 15. d4 Rc8 16.
dxe5 dxe5 17. Bc4 Be6 18. Qb3 Bxc4 19. Qxc4 Qc7 20. Nf5 Ne7 21. N3h4 Nxf5 22. Nxf5
Kh7 23. Be3 Re6 24. g4 Ng8 25. Red1 g6 26. Ng3 Kg7 27. Kg2 a5 28. h4 Ne7 29. h5 Rd6
30. hxg6 fxg6 31. Rh1 Rh8 32. Rad1 Qd7 33. Qe2 Rxd1 34. Qxd1 Qc6 35. Qd2 Qxa4 36.
Bxh6+ Kf7 37. Qd6 Qc6 38. Qxe5 Bc7 39. Qxh8 Bxg3 40. fxg3 Qxe4+ 41. Kh2 Qxg4 42.
Qf8+ Ke6 43. Re1+ Kd5 44. Qxe7  1-0

[Event "Sampa Chess Open - Local Piso Superior (ao lado da Renner) às 19h00"]
[Site "Shopping Metrô Tatuapé - Rua Domingos Agostim, 91, São Paulo/SP 03306-010"]
[Date "2024.01.30"]
[Round "2"]
[Board "18"]
[White "Da Rocha, Lucas Sampaio"]
[Black "Santanna, Paulo"]
[Result "0-1"]
[WhiteElo "1647"]
[BlackElo "2021"]
[PlyCount "0"]
[EventDate "2024.01.29"]
[EventRounds "9"]
[EventCountry "BRA"]

1. e4 c5 2. Nf3 a6 3. c3 d5 4. exd5 Qxd5 5. d4 e6 6. Be2 cxd4 7. Qxd4 Nf6 8. Qxd5
Nxd5 9. O-O Nc6 10. Rd1 Bc5 11. Bg5 O-O 12. Nbd2 h6 13. Bh4 f5 14. h3 Nf4 15. Bf1
Nh5 16. Nb3 Ba7 17. g4 fxg4 18. hxg4 g5 19. gxh5 gxh4 20. Be2 Rf4 21. Nbd4 Nxd4 22.
cxd4 Bd7 23. Kg2 Bc6 24. Rac1 Raf8 25. Rc3 h3+ 26. Kg3 Bb8 27. Ne5 Bxe5 28. dxe5
Rxf2 29. Bg4 h2 30. Bxe6+ Kh8 31. Rcc1 h1=Q 32. Rxh1 Bxh1 33. Rxh1 R8f3+ 34. Kg4
Re3 35. Rc1 Rxe5 36. Rc8+ Kg7 37. Rc7+ Kf8 38. Bc8 Rg5+ 39. Kh3 Rxb2 40. Bxb7 Rxh5+
41. Kg4 Rg5+ 42. Kf4 Rxa2 43. Rc6 Ra4+ 44. Kf3 Rb5 45. Bxa6 Rb3+ 46. Kf2 Ra2+ 47.
Be2 Rbb2 48. Re6 Kg7 49. Kf3 Ra3+ 50. Kf4 Rb4+  0-1

[Event "Sampa Chess Open - Local Piso Superior (ao lado da Renner) às 19h00"]
[Site "Shopping Metrô Tatuapé - Rua Domingos Agostim, 91, São Paulo/SP 03306-010"]
[Date "2024.01.30"]
[Round "2"]
[Board "19"]
[White "Munhoz, Joao Pedro"]
[Black "Da Silva, Lucas Pereira Mendes"]
[Result "0-1"]
[WhiteElo "1608"]
[BlackElo "1974"]
[PlyCount "0"]
[EventDate "2024.01.29"]
[EventRounds "9"]
[EventCountry "BRA"]

1. c4 e6 2. Nf3 d5 3. d4 c6 4. g3 Nf6 5. Bg2 Be7 6. O-O O-O 7. Nc3 b6 8. Nd2 Ba6
9. b3 Nbd7 10. e4 Bb4 11. Bb2 c5 12. dxc5 d4 13. Nb5 bxc5 14. a3 Bxd2 15. Qxd2 e5
16. a4 Bb7 17. f3 Qb8 18. Rab1 a6 19. Na3 Bc6 20. Ba1 Qb4 21. Qxb4 cxb4 22. Nc2 a5
23. Rfd1 Nc5 24. Ne1 Nfd7 25. Bh3 Rad8 26. Bxd7 Rxd7 27. Nd3 Nxd3 28. Rxd3 f5 29.
exf5 Rxf5 30. Rf1 g5 31. f4 Be4 32. Rd2 gxf4 33. gxf4 Rg7+ 34. Kf2 Rxf4+ 35. Ke1
Rxf1+ 36. Kxf1 Kf7 37. Rf2+ Ke6 38. Ke2 Rg1  0-1